000 00631nam a2200229Ia 4500
003 OSt
005 20220918203422.0
006 a|||||r|||| 00| 0
007 ta
008 220917b |||||||| |||| 00| 0 eng d
024 _a108,163
037 _cTextual
040 _aARTS
_cARTS
_beng
041 _2eng
_aeng
082 _aV431:1:N7, L2
100 _aKaushik Susheela
245 0 _aAgony of Vietnam
_b The origin and background of American intervention in Vietnam
260 _aNA
_bNA
_c1972
650 _aHISTORY
942 _hV431:1:N7, L2
_cTEXL
_2CC
999 _c231517
_d231517